000
00279nam a22001337a 4500
008
221007b ||||| |||| 00| 0 eng d
041
_a
eng
080
_a
91
082
_2
91
100
_a
19.2
101
_a
GJEO
245
_a
THE ATLAS OF PERN
_c
FONSTAD W.K
942
_2
udc
_c
BK
999
_c
58408
_d
58408